=LDR 00000nam 2200000 4500 =001 001046 =005 20250712034343 =035 ##$$a 0010-0725000927 =007 ta =008 250712################a##########0#ind## =020 ##$$a 978-602-244-282-0 =082 ##$$a 398.209 598 =084 ##$$a 398.209 598 PUJ P =100 #$$a Pujiastuti, Nurhayanti =245 1#$$a Permainan Rahasia Minul /$c Nurhayanti Pujiastuti =250 ##$$a cetakan pertama =260 ##$$a Jakarta :$b Kemndikbud,$c 2019 =300 ##$$a 32 hlm. : $b Ilus. ; $c 22.9 cm$e 398.209 598 =650 #4$$a literasi bahan bacaan =856 ##$$a TBM AS SUHADA =990 ##$$a TBM202400770